Inscriptions arabes d'Espagne, avec quarante-quatre planches en phototypie.

محفوظ في:

المؤلف الرئيسي: Lévi-Provençal, Évariste, 1894-1956.

التنسيق: كتاب

اللغة: French

منشور في: Leyde : Paris : E.J. Brill ; E. Larose, 1931.

الموضوعات:

الوسوم: إضافة وسم

لا توجد وسوم, كن أول من يضع وسما على هذه التسجيلة!

رقم الطلب: ( F )PJ7599 .S7 L4 v.1-2

LEADER 00809nam a22002417a 4500
003 OSt
005 20251222133552.0
008 750429s1931 ne 000 0 fre u
010 |a  31032583  
035 |a (OCoLC)1303842 
040 |c ARCE Library 
042 |a premarc 
050 1 4 |a ( F )PJ7599 .S7  |b L4 v.1-2 
100 2 |a Lévi-Provençal, Évariste,  |d 1894-1956. 
245 1 0 |a Inscriptions arabes d'Espagne,  |b avec quarante-quatre planches en phototypie. 
260 |a Leyde :   |b E.J. Brill ;   |a Paris :   |b E. Larose,   |c 1931. 
300 |a xliv, 229, [1] p. :   |b illus. ;   |c 33 cm.  |a and atlas of 2 p. l., XLIV pl. ;   |c 33 cm. 
500 |a Atlas in portfolio. 
504 |a "Index bibliographique": p. [xxxvii]-xlii. 
650 0 |a Inscriptions, Arabic. 
901 |a reviewed 
942 |2 lcc  |c BK 
999 |c 52719  |d 52719